000 01566cam a2200349 i 4500
999 _c9453
_d9453
001 21826718
003 GBCCL
005 20241126110712.0
008 201121s2021 miua b 001 0 eng
010 _a 2020049527
020 _a9781540960139
_q(paperback)
020 _a9781540964359
_q(casebound)
040 _aLBSOR/DLC
_beng
_erda
_cDLC
042 _apcc
050 0 0 _aBS2825.53
_b.W45 2021
082 0 0 _a228.07
_223
_bWEI
100 1 _aWeima, Jeffrey A. D.,
_eauthor.
_915121
245 1 4 _aThe sermons to the Seven Churches of Revelation :
_ba commentary and guide /
_cJeffrey A. D. Weima.
264 1 _aHyderabad :
_bGood shepherd,
_c[2022]
300 _a282 pages :
_billustrations ;
_c23 cm
336 _atext
_btxt
_2rdacontent
337 _aunmediated
_bn
_2rdamedia
338 _avolume
_bnc
_2rdacarrier
504 _aIncludes bibliographical references and index.
505 0 _aEphesus -- Smyrna -- Pergamum -- Thyatira -- Sardis -- Philadelphia -- Laodicea.
520 _a"A top New Testament scholar, preacher, and tour guide to the lands of the New Testament explains the meaning of the seven sermons of Revelation 2-3 and shows how these ancient messages are relevant for the church today"--
_cProvided by publisher.
630 0 0 _aBible.
_pRevelation, II-III
_vCommentaries.
_916492
650 0 _aSeven churches
_xSermons
_xHistory and criticism.
_916493
906 _a7
_bcbc
_corignew
_d1
_eecip
_f20
_gy-gencatlg
942 _2ddc
_cBK
_04